000 01112nam a2200265 i 4500
001 50135
003 ES-MaACL
005 20250821111320.0
007 t|
008 030731s1974 sp ||||1| spa d
100 1 _aCrombie, A.C.
_941678
245 1 0 _aHistoria de la ciencia de San Agustín a Galileo /
_cA. C. Crombie ; versión de José Bernia ; revisión de Luis García Ballester.
260 _a[Madrid] :
_bAlianza,
_c[1974]
300 _a2 v. :
_bil. ;
_c20 cm.
490 1 _aAlianza universidad ;
_v76
505 8 _aContiene: V. I: La ciencia en la Edad Media: siglos V al XIII. V. II: La ciencia en la Baja Edad Media y comienzos de la Edad Moderna: siglos XIII al XVII
650 0 4 _aCiencia-
_vHistoria.
_910954
700 1 _aBernia, José.
_928339
700 1 _aGarcía Ballester, Luis,
_d1936-2000
_954214
740 3 _aLa ciencia en la Edad Media: siglos V al XIII.
740 3 _aLa ciencia en la Baja Edad Media y comienzos de la Edad Moderna: siglos XIII al XVII.
830 0 _aAlianza universidad ;
_v76
_9177276
852 _aES-MaACL
_jL-1888-89
_bR.89601
999 _c50135
_d50135